000 00358nam a2200109Ia 4500
008 220216s9999 xx 000 0 und d
100 _aRivlin R S
245 0 _aSome applications of elasticity theory to rubber engineering
260 _bProceedings of the 2nd Rubber Technology Conference, London, 1948; p204-213
650 _aRubber engineering
942 _cJS
999 _c68912
_d68912